000 00378nam a2200133 i 4500
001 190104
003 ES-MaACL
005 20230906223637.0
008 200729s1844 sp |||| | spa d
245 0 0 _aDe la Organizacion de los Tribunales de España /
_cpor M.
260 _aMadrid :
_b[s.n.],
_c1844.
650 0 4 _aTribunales-
_zEspaña.
_917646
852 _aES-MaACL
_jT-801-F-5
999 _c190104
_d190104